00768nam a2200157 a 4500020002700000020003000027100001900057245003300076250001200109260003600121300001300157520033700170650002500507700001700532856006100549 a013143506X (hardcover) a9780131435063 (hardcover)1 aKudeki, Erhan.10aAnalog Signals and Systems / a1st ed. a[S.l.] :bPrentice Hall,c2008. a528 p. ; aThis book focuses on the mathematical analysis and design of analog signal processing using a “just in time” approach — new ideas and topics relevant to the narrative are introduced only when needed, and no chapters are “stand alone.” Topics are developed throughout the narrative, and individual ideas appear frequently a a Signal processing.  aJr., David C uhttp://www.amazon.com/exec/obidos/ASIN/013143506X/chopac